[Event "ECU-chT U20 Girls"]
[Site "Carpuela"]
[Date "2014.05.05"]
[Round "6.1"]
[White "Tigrero Suarez, Karen"]
[Black "Vintimilla Pena, Amarelis Anal"]
[Result "1/2-1/2"]
[WhiteElo "1640"]
[BlackElo "1643"]
[PlyCount "110"]
[EventDate "2014.05.03"]
[EventType "team-swiss"]
[EventRounds "7"]
[EventCountry "ECU"]
[SourceTitle "CBM 160 Extra"]
[Source "ChessBase"]
[SourceDate "2014.07.01"]
[SourceVersion "1"]
[SourceVersionDate "2014.07.01"]
[SourceQuality "1"]
[WhiteTeam "Santa Elena (W)"]
[BlackTeam "Napo (W)"]
[WhiteTeamCountry "ECU"]
[BlackTeamCountry "ECU"]

1. d4 Nf6 2. Nf3 d6 3. Bg5 g6 4. e3 Bg7 5. Nc3 c6 6. Bd3 c5 7. dxc5 dxc5 8. 0-0 0-0 9. Bc4 a6 10. Qxd8 Rxd8 11. Rad1 Nc6 12. Nd5 b5 13. Nxe7+ Kh8 14. Nxc6 Rxd1 15. Rxd1 bxc4 16. Rd8+ Ng8 17. Nfe5 Bxe5 18. Nxe5 Kg7 19. Nxc4 Bb7 20. Rxa8 Bxa8 21. f3 Nf6 22. e4 Nd7 23. Be7 f6 24. Kf2 Kf7 25. Bd6 Ke6 26. Ke3 Bc6 27. Bc7 f5 28. exf5+ Kxf5 29. g4+ Ke6 30. f4 Nf6 31. f5+ gxf5 32. gxf5+ Kxf5 33. Bg3 Nd5+ 34. Kd2 Nf6 35. Nd6+ Ke6 36. Kd3 Bd5 37. a3 Kd7 38. c4 Be6 39. b4 Kc6 40. Kc3 Nd7 41. Nc8 Nb6 42. Nxb6 Kxb6 43. Bf2 Kc6 44. Bxc5 Bg4 45. Bf8 Bd1 46. Kd4 Bb3 47. c5 Bd1 48. Ke5 Bc2 49. Kf6 Bd1 50. Bh6 Kb5 51. Bd2 Kc6 52. h4 Bc2 53. h5 Ba4 54. h6 Bd1 55. Kg7 Kb5 1/2-1/2

[Event "ECU-chT U20 Girls"]
[Site "Carpuela"]
[Date "2014.05.04"]
[Round "3.1"]
[White "Tigrero Suarez, Karen"]
[Black "Salazar Zambrano, Estefania Is"]
[Result "0-1"]
[WhiteElo "1640"]
[BlackElo "1466"]
[PlyCount "45"]
[EventDate "2014.05.03"]
[EventType "team-swiss"]
[EventRounds "7"]
[EventCountry "ECU"]
[SourceTitle "CBM 160 Extra"]
[Source "ChessBase"]
[SourceDate "2014.07.01"]
[SourceVersion "1"]
[SourceVersionDate "2014.07.01"]
[SourceQuality "1"]
[WhiteTeam "Santa Elena (W)"]
[BlackTeam "Cotopaxi (W)"]
[WhiteTeamCountry "ECU"]
[BlackTeamCountry "ECU"]

1. d4 Nf6 2. Nf3 d6 3. Bg5 Nbd7 4. Nc3 g6 5. e3 Bg7 6. Bc4 c6 7. Qd2 Qc7 8. Bb3 0-0 9. 0-0 a6 10. Rfe1 b5 11. a3 Bb7 12. e4 c5 13. dxc5 dxc5 14. Bd5 Nxd5 15. exd5 Nf6 16. Bf4 Qd8 17. d6 exd6 18. Qxd6 Bxf3 19. gxf3 Qc8 20. Bg3 Re8 21. Qc7 Qxc7 22. Bxc7 Rec8 23. Be5 0-1